<?xml version="1.0" encoding="UTF-8"?>
<record
    xmlns:xsi="http://www.w3.org/2001/XMLSchema-instance"
    xsi:schemaLocation="http://www.loc.gov/MARC21/slim http://www.loc.gov/standards/marcxml/schema/MARC21slim.xsd"
    xmlns="http://www.loc.gov/MARC21/slim">

  <leader>01288nam0a22003131  4500</leader>
  <controlfield tag="001">RU\NLR\INFOCOMM_161\5000048597</controlfield>
  <controlfield tag="005">20250613091931.0</controlfield>
  <datafield tag="035" ind1=" " ind2=" ">
    <subfield code="a">(NLR Aleph) 009137654</subfield>
  </datafield>
  <datafield tag="090" ind1=" " ind2=" ">
    <subfield code="a">8316199</subfield>
    <subfield code="c">8316199</subfield>
  </datafield>
  <datafield tag="100" ind1=" " ind2=" ">
    <subfield code="a">20090916d1978    |||y0rusy50      ca</subfield>
  </datafield>
  <datafield tag="101" ind1="0" ind2=" ">
    <subfield code="a">eng</subfield>
  </datafield>
  <datafield tag="102" ind1=" " ind2=" ">
    <subfield code="a">RU</subfield>
  </datafield>
  <datafield tag="105" ind1=" " ind2=" ">
    <subfield code="a">a   ||||000|y</subfield>
  </datafield>
  <datafield tag="200" ind1="1" ind2=" ">
    <subfield code="a">Production of strange quasinuclear mesons &#x39B;&#x305;N in p&#x305;d interaction</subfield>
    <subfield code="f">L. N. Bogdanova, V. E. Markushin</subfield>
  </datafield>
  <datafield tag="210" ind1=" " ind2=" ">
    <subfield code="a">&#x39C;.</subfield>
    <subfield code="d">1978</subfield>
  </datafield>
  <datafield tag="215" ind1=" " ind2=" ">
    <subfield code="a">15 &#x441;.</subfield>
    <subfield code="c">&#x433;&#x440;&#x430;&#x444;.</subfield>
    <subfield code="d">26 &#x441;&#x43C;</subfield>
  </datafield>
  <datafield tag="225" ind1="1" ind2=" ">
    <subfield code="a">&#x88;[&#x89;Preprint]</subfield>
    <subfield code="f">Inst. of theoretical and experimental physics</subfield>
    <subfield code="v">ITEP-11</subfield>
  </datafield>
  <datafield tag="300" ind1=" " ind2=" ">
    <subfield code="a">&#x412; &#x432;&#x44B;&#x43F;. &#x434;&#x430;&#x43D;.: &#x41B;. &#x41D;. &#x411;&#x43E;&#x433;&#x434;&#x430;&#x43D;&#x43E;&#x432;&#x430;, &#x412;. &#x415;. &#x41C;&#x430;&#x440;&#x43A;&#x443;&#x448;&#x438;&#x43D;. &#x41E; &#x440;&#x43E;&#x436;&#x434;&#x435;&#x43D;&#x438;&#x438; &#x441;&#x442;&#x440;&#x430;&#x43D;&#x43D;&#x44B;&#x445; &#x43A;&#x432;&#x430;&#x437;&#x438;&#x44F;&#x434;&#x435;&#x440;&#x43D;&#x44B;&#x445; &#x43C;&#x435;&#x437;&#x43E;&#x43D;&#x43E;&#x432; &#x39B;N &#x432;&#x43E; &#x432;&#x437;&#x430;&#x438;&#x43C;&#x43E;&#x434;&#x435;&#x439;&#x441;&#x442;&#x432;&#x438;&#x438; pd</subfield>
  </datafield>
  <datafield tag="320" ind1=" " ind2=" ">
    <subfield code="a">&#x411;&#x438;&#x431;&#x43B;&#x438;&#x43E;&#x433;&#x440;.: &#x441;. 14</subfield>
  </datafield>
  <datafield tag="606" ind1=" " ind2=" ">
    <subfield code="a">&#x41C;&#x435;&#x437;&#x43E;&#x43D;&#x44B; &#x43A;&#x432;&#x430;&#x437;&#x438;&#x44F;&#x434;&#x435;&#x440;&#x43D;&#x44B;&#x435;</subfield>
    <subfield code="x">&#x420;&#x43E;&#x436;&#x434;&#x435;&#x43D;&#x438;&#x435; &#x43F;&#x440;&#x438; &#x432;&#x437;&#x430;&#x438;&#x43C;&#x43E;&#x434;&#x435;&#x439;&#x441;&#x442;&#x432;&#x438;&#x438; &#x430;&#x43D;&#x442;&#x438;&#x43F;&#x440;&#x43E;&#x442;&#x43E;&#x43D;&#x43E;&#x432; &#x441; &#x434;&#x435;&#x439;&#x442;&#x440;&#x43E;&#x43D;&#x430;&#x43C;&#x438;</subfield>
    <subfield code="2">nlr_sh1</subfield>
  </datafield>
  <datafield tag="686" ind1=" " ind2=" ">
    <subfield code="a">&#x412;383.521</subfield>
    <subfield code="2">rubbk</subfield>
  </datafield>
  <datafield tag="700" ind1=" " ind2="1">
    <subfield code="a">Bogdanova</subfield>
    <subfield code="b">L. N.</subfield>
    <subfield code="4">070</subfield>
  </datafield>
  <datafield tag="701" ind1=" " ind2="1">
    <subfield code="9">z02790</subfield>
    <subfield code="a">Marku&#x161;in</subfield>
    <subfield code="b">V. E.</subfield>
    <subfield code="4">070</subfield>
  </datafield>
  <datafield tag="790" ind1=" " ind2="1">
    <subfield code="9">z02701</subfield>
    <subfield code="a">Markushin</subfield>
    <subfield code="b">V. E.</subfield>
    <subfield code="4">070</subfield>
  </datafield>
  <datafield tag="801" ind1=" " ind2="1">
    <subfield code="a">RU</subfield>
    <subfield code="b">NLR</subfield>
    <subfield code="c">20090916</subfield>
  </datafield>
  <datafield tag="801" ind1=" " ind2="0">
    <subfield code="a">RU</subfield>
    <subfield code="b">NLR</subfield>
    <subfield code="g">PSBO</subfield>
  </datafield>
  <datafield tag="852" ind1=" " ind2=" ">
    <subfield code="a">NLR</subfield>
    <subfield code="j">&#x424;&#x437;01 &#x414;-8/216</subfield>
  </datafield>
  <datafield tag="942" ind1=" " ind2=" ">
    <subfield code="c">BOOK</subfield>
  </datafield>
  <datafield tag="980" ind1=" " ind2=" ">
    <subfield code="a">NB</subfield>
  </datafield>
  <datafield tag="995" ind1=" " ind2=" ">
    <subfield code="5">2013-10-26</subfield>
    <subfield code="b">NLR01</subfield>
    <subfield code="c">NLR01</subfield>
    <subfield code="e">IF</subfield>
    <subfield code="f">9137654-10</subfield>
    <subfield code="k">&#x424;&#x437;01 &#x414;-8/216</subfield>
    <subfield code="o">0</subfield>
    <subfield code="r">BOOK</subfield>
    <subfield code="s">01_8216</subfield>
  </datafield>
</record>
